| 000 | 00872nam a22002295a 4500 | ||
|---|---|---|---|
| 999 |
_c27042 _d27014 |
||
| 003 | EG-ScBUE | ||
| 005 | 20181223132117.0 | ||
| 008 | 181223q2018 ua frb 000 0 ara d | ||
| 040 |
_aEG-ScBUE _bara _cEG-ScBUE _dEG-ScBUE |
||
| 043 | _af-ua--- | ||
| 082 | 0 | 4 |
_a343.62052 _bع ب د _222 |
| 100 | 1 | _aعبد القادر، مصطفى محمود. | |
| 245 | 1 | 0 |
_aمبادئ التشريع الضريبي في مجال الضريبة على الدخل / _cمصطفى محمود عبد القادر. |
| 260 |
_aالقاهرة : _bدار النهضة العربية، _c[2018] |
||
| 300 |
_a280 ص. ؛ _c24 سم. |
||
| 504 | _aيشتمل على إرجاعات ببليوجرافية. | ||
| 650 | 7 |
_aضرائب الدخل _xقوانين وتشريعات _zمصر. _2BUEsh _940902 |
|
| 651 | _2BUEsh | ||
| 653 |
_bLLAAWW _cDecember2018 |
||
| 655 | _vReading book | ||
| 942 | _2ddc | ||